书目信息 |
| 题名: |
任伯年作品集
|
|
| 作者: | 任伯年 绘画 ;王靖宪 编著 | |
| 分册: | 上 | |
| 出版信息: | 北京 人民美术出版社 1992.09 |
|
| 页数: | 224页 | |
| 开本: | 19cm | |
| 丛书名: | 中国历代画家书画集丛书 | |
| 单 册: | ||
| 中图分类: | J222.5 | |
| 科图分类: | ||
| 主题词: | 中国画--zhong guo hua--清代--画册 | |
| 电子资源: | ||
| ISBN: | 7-102-00320-X | |
| 000 | 01120nam 2200289 450 | |
| 001 | 012008655289 | |
| 005 | 20080424162157.07 | |
| 010 | @a7-102-00320-X@dCNY15.00 | |
| 100 | @a20080424d1992 km y0chiy0120 ea | |
| 101 | 0 | @achi |
| 102 | @aCN@b110000 | |
| 105 | @aach z 000yb | |
| 106 | @ar | |
| 200 | 1 | @a任伯年作品集@Aren bo nian zuo pin ji@h上@f(清) 任伯年绘画@F(qing)ren bo nian hui hua@g王靖宪编著@Gwang jing xian bian zhu |
| 210 | @a北京@c人民美术出版社@d1992.09 | |
| 215 | @a224页@c图, 肖像, 摹真@d19cm | |
| 225 | 2 | @a中国历代画家书画集丛书@Azhong guo li dai hua jia shu hua ji cong shu |
| 314 | @a任伯年(1840-1896)名颐, 原名小属; 初名润, 字伯年, 号次远清末著名画家。 | |
| 330 | @a本画册收集了任伯年的画。其中有:《月楼先生褐衣销夏图》、《人物册页》、《桃花飞鸟》等。 | |
| 410 | 0 | @12001 @a中国历代画家书画集丛书 |
| 600 | 0 | @a任伯年,@Aren bo nian,@f1840-1896@x生平事迹 |
| 606 | 0 | @a中国画@Azhong guo hua@z清代@j画册 |
| 690 | @aJ222.5@v4 | |
| 701 | 0 | @a任伯年@Aren bo nian@4绘画 |
| 702 | 0 | @a王靖宪@Awang jing xian@4编著 |
| 801 | 0 | @aCN@bTYGS@c20080424 |
| 905 | @b20704286-88@dJ222.5@eR424:1@f5 | |
| 任伯年作品集.上/(清) 任伯年绘画/王靖宪编著.-北京:人民美术出版社,1992.09 |
| 224页:图, 肖像, 摹真;19cm.-(中国历代画家书画集丛书) |
| ISBN 7-102-00320-X:CNY15.00 |
| 本画册收集了任伯年的画。其中有:《月楼先生褐衣销夏图》、《人物册页》、《桃花飞鸟》等。 |
| ● |
| 相关链接 |
|
|
|
正题名:任伯年作品集
索取号:J222.5/R424:1
 
预约/预借
| 序号 | 登录号 | 条形码 | 馆藏地/架位号 | 状态 | 备注 |
| 1 | 704286 | 207042868 | 社科库309/309社科库 75排1列4层/ [索取号:J222.5/R424:1] | 在馆 | |
| 2 | 704287 | 207042877 | 社科库309/309社科库 75排1列4层/ [索取号:J222.5/R424:1] | 在馆 | |
| 3 | 704288 | 207042886 | 社科库309/309社科库 75排1列4层/ [索取号:J222.5/R424:1] | 在馆 |